| 000 | 00886nam a2200253 a 4500 | ||
|---|---|---|---|
| 001 | 000016851 | ||
| 005 | 20200929164955.0 | ||
| 008 | 100310s1947 sp 000 d spa d | ||
| 040 |
_aDO-SdBNP _bspa _cBNPHU |
||
| 082 |
_a862.2 _bV145di |
||
| 100 | 1 |
_aValdés, Alfonso de, _d1490-1532 _932923 |
|
| 245 | 1 | 0 |
_aDiálogo de Mercurio y Carón / _cAlfonso de Valdés ; edición y nota de José F. Motesinos. |
| 260 |
_aMadrid : _bEspasa-Calpe, _c1947. |
||
| 300 |
_a246 p. ; _c18 cm. |
||
| 490 | 1 |
_aClásicos castellanos _v96 |
|
| 500 | _aIncluye notas al pie de las páginas. | ||
| 650 | 4 |
_aTeatro español _xCrítica e interpretación _937311 |
|
| 650 | 4 |
_aTeatro español _xHistoria y crítica _915506 |
|
| 650 | 4 |
_aLiteratura española _ySIGLO XVI _98688 |
|
| 700 | 1 |
_aMotesinos, José F., _ced. _937312 |
|
| 830 | 0 |
_aClásicos castellanos ; _v96 _94180 |
|
| 910 | _aWM | ||
| 049 | _aBNGR | ||
| 999 |
_c16383 _d16383 |
||